000 00737nam a2200205 i 4500
001 45329
003 ES-MaACL
005 20250824202956.0
007 t|
008 030325s1932 sp ||||1| spa d
100 1 _aColón, Fernando,
_d1488-1539
_939874
245 1 0 _aHistoria del almirante Don Cristóbal Colón /
_cpor su hijo Hernando ; traducida nuevamente del italiano.
260 _aMadrid :
_b[s.n.],
_c1932 (
_fImp. Góngora)
300 _aCLXI, 418 p. ;
_c18 cm.
490 1 _aColección de libros raros y curiosos que tratan de américa
505 8 _aContiene: T. I
830 0 0 _aColección de libros raros o curiosos que tratan de América
_9188448
852 _aES-MaACL
_jB-13251
999 _c45329
_d45329